Diritto Sindacale

Guardat en:
Dades bibliogràfiques
Autor principal: Persiani, Mattia (Autor)
Format: Llibre
Idioma:italià
Publicat: Milán Cedam 2005
Edició:10a. ed
Col·lecció:Manuali di Scienze Giuridiche
Matèries:
Etiquetes: Afegir etiqueta
Sense etiquetes, Sigues el primer a etiquetar aquest registre!

MARC

LEADER 00000nam a2200000 a 4500
001 UCJ9276
003 CL-VaPUC
008 070309e20050000it |||||||||||||||||ita|d
020 |a 8813260660 
082 0 4 |a 344.450188  |b PER  |2 21 
100 0 |a Persiani, Mattia  |e author  |9 519232 
245 1 0 |a Diritto Sindacale 
250 |a 10a. ed 
300 |a 215 p 
942 |c BK 
945 |d 20070309 00:00:00  |a lvergara 
260 |a Milán  |b Cedam  |c 2005 
500 |a Riveduta E Aggiornata 
650 7 |a LEYES LABORALES  |2 CL-VaPUC  |9 519233 
650 7 |a LEGISLACION  |2 CL-VaPUC  |9 519234 
650 0 |a Trabajo  |9 313876 
650 0 |a Derecho y legislación   |9 255077 
650 7 |a DERECHO LABORAL  |2 CL-VaPUC  |9 15 
651 0 |a Italia  |9 254949 
583 |a last modification  |c 20130807 03:31:57  |k Rodrigo Vera 
490 0 |a Manuali di Scienze Giuridiche 
999 |c 324854  |d 324852 
952 |0 0  |1 0  |4 0  |6 344_450188000000000_PER_2005  |7 0  |8 A  |9 405230  |a BIBDER  |b BIBDER  |d 2019-11-22  |i 4290364  |o 344.450188 PER 2005  |p 4290364  |r 2023-01-25  |w 2019-11-22  |y BK  |k DER